00925nam a2200217 a 450000100100000000500170001000800410002704000250006808200260009310000230011924000500014224501350019225000220032726000630034930000280041253400960044050000630053665100340059965000360063370000380066900001882620200929165850.0100519s1970 mx a 000 0 spa d aDO-SdBNPbspacBNPHU a301.3298bS938f, 19701 aStycos, J. Mayone,10aHuman fertility in latin america.lEspañol.10aFecundidad en la América Latina :bperspectivas sociológicas /cJ. Mayone Stycos ; introducción de Álvaro García Peña. a2 ed. amp. y rev. aMéxico :bPax-méxico, Libreria Carlos Cesarman,c1970. a328 p. :bil. ;c21 cm. pTítulo original en inglés:tHuman fertility in latin america.cCornell University, 1968 aEdición dedicada a la memoria de Hermán Mendoza Hoyos. 4aAmérica LatinaxPoblación 4aControl natalzAmérica Latina1 aGarcía Peña, Álvaro,eintr.